书目信息 |
| 题名: |
环境法律制度比较研究
|
|
| 作者: | 彭峰 著 | |
| 分册: | ||
| 出版信息: | 北京 法律出版社 2013.09 |
|
| 页数: | 235页 | |
| 开本: | 21cm | |
| 丛书名: | ||
| 单 册: | ||
| 中图分类: | D922.684 | |
| 科图分类: | ||
| 主题词: | 法律--中国 | |
| 电子资源: | ||
| ISBN: | 7-5118-5195-9 | |
| 000 | 00578nam0 2200193 450 | |
| 001 | 1537185367 | |
| 005 | 20151221102123.79 | |
| 010 | @a7-5118-5195-9@dCNY27.00 | |
| 100 | @a20151221d2013 km y0chiy0120 ea | |
| 101 | 0 | @achi |
| 102 | @aCN@b110000 | |
| 200 | 1 | @a环境法律制度比较研究@Ahuan jing fa lu zhi du bi jiao yan jiu@f彭峰著@Fpeng feng zhu |
| 210 | @a北京@c法律出版社@d2013.09 | |
| 215 | @a235页@d21cm | |
| 606 | 0 | @a法律@x中国 |
| 690 | @aD922.684@v4 | |
| 701 | 0 | @a彭峰@Apeng feng@4著 |
| 801 | 0 | @aCN@b大连网信软件有限公司图书馆·11@c20151221 |
| 905 | @aZUCC@dD922.684@eP472 | |
| 环境法律制度比较研究/彭峰著.-北京:法律出版社,2013.09 |
| 235页;21cm |
| ISBN 7-5118-5195-9:CNY27.00 |
| ● |
| 相关链接 |
|
|
|
正题名:环境法律制度比较研究
索取号:D922.684/P472
 
预约/预借
| 序号 | 登录号 | 条形码 | 馆藏地/架位号 | 状态 | 备注 |
| 1 | 1235161 | 212351612 | 法学院资料室/ [索取号:D922.684/P472] | 在馆 |